| 000 | 00890nam a22003257a 4500 | ||
|---|---|---|---|
| 001 | BR2023000674 | ||
| 003 | BR-BrBNA | ||
| 005 | 20230628102516.0 | ||
| 008 | 230601b bl.||||| |||| 00| 0 por d | ||
| 040 |
_aBR-BrBNA _bpor |
||
| 041 | _a(eng, por) | ||
| 072 | _aM12 ; E70 ; E71 | ||
| 090 | _aM12 BR2023000674 | ||
| 110 | _aAssociação Brasileira da Piscicultura, São Paulo, SP (Brazil) | ||
| 245 | _aAnuário Peixe BR da piscicultura 2016 | ||
| 260 |
_aSão Paulo, SP (Brazil) _c2016 |
||
| 300 | _a99 p. | ||
| 500 | _a71 illus.; 1 table; 1 graph | ||
| 650 | _aPISCICULTURA | ||
| 650 | _aESTATÍSTICA | ||
| 650 | _aMERCADO MUNDIAL | ||
| 650 | _aPESQUISA | ||
| 650 | _aASSOCIATIVISMO | ||
| 650 | _aPRODUÇÃO PESQUEIRA | ||
| 650 | _aDESENVOLVIMENTO SUSTENTÁVEL | ||
| 650 | _aCADEIA PRODUTIVA | ||
| 650 | _aTAXONOMIA | ||
| 909 |
_a202306 _bFernando |
||
| 942 | _cBK | ||
| 999 |
_c9285 _d9285 |
||